| 000 | 00433nam a2200169Ia 4500 | ||
|---|---|---|---|
| 008 | 151213s9999 xx 000 0 und d | ||
| 020 | _a81-7096119-X | ||
| 100 | _aCocil David | ||
| 245 |
_aEarly Victorian Novelists _cCocil David |
||
| 250 | _a1st | ||
| 260 |
_aNew Delhi _bKaluani Publishers _c1934 |
||
| 300 | _a5258 p. | ||
| 650 | _aEnglish Literature | ||
| 650 | _aEnglish Literature | ||
| 700 | _aCocil David | ||
| 999 |
_c3247 _d3247 |
||